000
00313pam a2200145 a 4500
020
_c
041
_a
eng
082
_a
575.1
_b
WIN
100
_a
Winter Hickey.
245
_a
INSTANT NOTES IN 575
_h
Textual Documents
250
_a
1999.
260
_a
Delhi :
_b
Viva Books Pvt.
300
_a
342p.
930
_a
1606
999
_c
78530
_d
78530